| 000 | 00596nmm a2200157Ia 4500 | ||
|---|---|---|---|
| 008 | 251105s9999||||xx |||||||||||||||||und|| | ||
| 041 | _aspa | ||
| 100 | _aGairín Sallán, Joaquín (ed.) | ||
| 245 | 0 | _aEl liderazgo educativo. Los equipos directivos en centros de secundaria, elementos básicos del éxito escolar | |
| 264 |
_a[Madrid, España] : _bMinisterio de Educación, Cultura y Deporte de España, _c2012 |
||
| 300 | _a280 páginas | ||
| 490 | _aConocimiento educativo. Aula permanente | ||
| 650 | _aEducation | ||
| 856 | _uhttps://public.digitaliapublishing.com/a/17806 | ||
| 942 | _cCF | ||
| 999 |
_c98916 _d98916 |
||